Most Visited National Parks - Statistics

General Stats
  • This quiz has been taken 7 times
  • The average score is 7 of 10
Answer Stats
Hint Answer % Correct
4,744,353 Yellowstone
100%
4,154,349 Rocky Mountain
86%
4,121,807 Yosemite
86%
4,919,163 Grand Canyon
71%
3,628,222 Grand Teton
71%
12,191,834 Great Smoky Mountains
71%
4,946,592 Zion
71%
3,961,661 Acadia
57%
3,717,267 Olympic
43%
3,208,755 Glacier
29%
No matching quizzes found
Score Distribution
Percent of People with Each Score
Percentile by Number Answered
Your Score History
You have not taken this quiz